000
00266nam a2200109Ia 4500
008
220216s9999 xx 000 0 und d
100
_a
Mukherjee Alokee
245
0
_a
Some aspects of compounding
260
_b
Rubberchem Review
_c
1998
300
_a
17-19
942
_c
JS
999
_c
68919
_d
68919